A traves de la semana con Gato y Perro / (Record no. 21788)

MARC details
000 -LEADER
fixed length control field 00634 a2200205 4500
001 - CONTROL NUMBER
control field sjds
003 - CONTROL NUMBER IDENTIFIER
control field sjds
005 - DATE AND TIME OF LATEST TRANSACTION
control field 20240428202749.0
008 - FIXED-LENGTH DATA ELEMENTS--GENERAL INFORMATION
fixed length control field 240428b |||||||| |||| 00| 0 spa d
020 ## - INTERNATIONAL STANDARD BOOK NUMBER
International Standard Book Number 9781574711523 (pbk.)
020 ## - INTERNATIONAL STANDARD BOOK NUMBER
International Standard Book Number 1574711520 (pbk.)
040 ## - CATALOGING SOURCE
Transcribing agency sjds
041 ## - LANGUAGE CODE
Language code of text/sound track or separate title spa
100 ## - MAIN ENTRY--PERSONAL NAME
Personal name Williams, Rozanne Lanczak
245 ## - TITLE STATEMENT
Title A traves de la semana con Gato y Perro /
Statement of responsibility, etc. excrito por Rozanne Lanczak Williams ; ilustrado por Catherine Leary
260 ## - PUBLICATION, DISTRIBUTION, ETC. (IMPRINT)
Place of publication, distribution, etc. Cypress, CA :
Name of publisher, distributor, etc. Creative Teaching Press,
Date of publication, distribution, etc. c1996
300 ## - PHYSICAL DESCRIPTION
Extent 16 pages :
Other physical details color illustrations ;
Dimensions 16 x 23 cm
700 10 - ADDED ENTRY--PERSONAL NAME
Personal name Leary, Catherine
942 ## - ADDED ENTRY ELEMENTS (KOHA)
Koha item type Libro/Book
Holdings
Withdrawn status Lost status Damaged status Not for loan Home library Current library Date acquired Inventory number Total Checkouts Barcode Date last seen Date checked out Price effective from Koha item type
        Genizero -- Satellite Genizero -- Satellite 14/05/2019 Inventory date: 7/7/25 3 35600935 28/04/2024 28/04/2024 14/05/2019 Libro/Book

Powered by Koha